الفلزات تحت المجهر : (Record no. 6495)
[ view plain ]
| 000 -الفاتح | |
|---|---|
| حقل البيانات ثابتة الطول | 01578nac a22003371i 4500 |
| 003 - محدد رقم الضبط | |
| رقم الضبط | EG-ScBUE |
| 005 - وقت وتاريخ اخر تعامل مع التسجيلة | |
| رقم الضبط | 20260503102735.0 |
| 008 - عناصر البيانات ثابتة الطول - معلومات عامة | |
| حقل البيانات ثابتة الطول | 101222s1979 gw a fr 001 0 ara d |
| 017 ## - رقم الإيداع القانونى | |
| رقم الإيداع القانونى | 79 / 1726 |
| 020 ## - الرقم الدولى المعيارى للكتب | |
| الرقم الدولى المعيارى للكتاب | 3540092838 |
| 020 ## - الرقم الدولى المعيارى للكتب | |
| الرقم الدولى المعيارى للكتاب | 9777051624 |
| 040 ## - مصدر الفهرسة | |
| وكالة الفهرسة الأصلية | EG-ScBUE |
| لغة الفهرسة | ara |
| قواعد الوصف | rda |
| وكالة النسخ | EG-ScBUE |
| وكالة التعديل | EG-ScBUE |
| 041 1# - رمز اللغة | |
| رمز لغة النص/ المسارات الصوتية أو العنوان الانفرادي | ara |
| رمز لغة الترجمات و/او الاصلية المتوسطة للنص | ger |
| 082 04 - رقم تصنيف ديوى العشرى | |
| رقم التصنيف | 546.3 |
| رقم المادة | ك ا و |
| رقم الطبعة | 22 |
| 100 1# - المدخل الرئيسى - إسم شخصى | |
| الإسم الشخصى | كاوتسور، إ.، |
| 9 (RLIN) | 21638 |
| الدور | مؤلف. |
| 240 0# - العنوان الموحد | |
| عنوان موحد | Metall unter dem Mikroskop. |
| لغة العمل | Arabic |
| 245 12 - بيان العنوان | |
| العنوان | الفلزات تحت المجهر : |
| بقية العنوان | مقدمة في علم التركيب الميتالوجرافي / |
| بيان المسئوليه,etc | تأليف إ. كاوتسور ؛ ترجمة الدكتور عبد المجيد عامر، كلية الهندسة، جامعة الأزهر ؛ مراجعة الدكتور محمد الفيصل الرفاعي، كلية الهندسة، جامعة الأزهر. |
| 246 34 - العنوان الموازى | |
| عنوان صحيح/عنوان مختصر | الفلزات تحت المجهر |
| 264 #1 - النشر، التوزيع | |
| مكان الناشر او الموزع | برلين : |
| اسم الناشر او الموزع | دار شبرنجر فيرلاج للنشر، |
| تاريخ النشر أو التوزيع | 1979. |
| 300 ## - الوصف المادى | |
| التعداد | 92 صفحة : |
| تفاصيل ماديه اخرى للوعاء | إيضاحيات ؛ |
| أبعاد الوعاء | 24 سم |
| 336 ## - نوع المحتوى | |
| source | rdacontent |
| Carrier Type Term | نص |
| Content Type Code | txt |
| 337 ## - نوع الوسيط | |
| Media Type Term | بدون وسيط |
| source | rdamedia |
| Media Type Code | n |
| 338 ## - نوع الحامل أو الناقل | |
| Carrier Type Term | مجلد |
| Carrier Type Code | nc |
| source | rdacarrier |
| 500 ## - تبصرة عامة | |
| تبصرة عامة | يشتمل على كشاف. |
| 546 ## - تبصرة اللغة | |
| تبصرة اللغة | النص باللغة الألمانية ؛ وقد تم ترجمته إلى العربية. |
| 650 #7 - المدخل الاضافى بالموضوع-مصطلح موضوعى | |
| مصطلح موضوعي أو اسم جغرافي كعنصر مدخل | الفلزات. |
| 9 (RLIN) | 21973 |
| مصدر الرأس أو المصطلح | BUEsh |
| 655 ## - مصطلح تكشيفى-نوع/شكل | |
| التقسيم الفرعي الشكلي | Reading book |
| 700 1# - المدخل الاضافى - اسم شخصى | |
| الإسم الشخصى | عامر، عبد المجيد، |
| 9 (RLIN) | 21640 |
| الدور | مترجم. |
| 700 1# - المدخل الاضافى - اسم شخصى | |
| الإسم الشخصى | الرفاعي، محمد الفيصل، |
| 9 (RLIN) | 21641 |
| الدور | مراجع. |
| 942 ## - عناصر المدخل الإضافي( كوها) | |
| Koha [default] item type | Book - Borrowing |
| سابقة رقم الطلب | 546.3 ك ا و |
| مصدر التصنيف او مخطط الترفيف | Dewey Decimal Classification |
| حالة التراجع | حالة الفقد | مصدر التصنيف او خطة الترفيف | حالة تلف | ليس للاعارة | مجموعات كوها | المكان الدائم | المكان الحالي | موقع الترفيف | تاريخ الاكتساب | Source of acquisition | رقم الاستدعاء | الباركود | Date last seen | مُعار | نوع الوعاء |
|---|---|---|---|---|---|---|---|---|---|---|---|---|---|---|---|
| Dewey Decimal Classification | Alef-Baa | Central Library | Central Library | First floor | 13/01/2011 | 546.3 ك ا و | 000007947 | 15/07/2025 | 03/04/2018 | Book - Borrowing |